书目信息 |
| 题名: |
梁实秋散文选集
|
|
| 作者: | 林呐 主编 | |
| 分册: | ||
| 出版信息: | 天津 百花文艺出版社 2004.08 |
|
| 页数: | 263页 | |
| 开本: | 32开 | |
| 丛书名: | ||
| 单 册: | ||
| 中图分类: | I266 | |
| 科图分类: | ||
| 主题词: | 散文--作品综合集--中国 , 散文--中国 | |
| 电子资源: | ||
| ISBN: | 7-5306-0126-1 | |
| 000 | 0055422000220019305045 | |
| 001 | 00090216 0 | |
| 005 | 20070409152524.50 | |
| 010 | @a7-5306-0126-1@dRMB 24.00 | |
| 100 | @a20000902d2004 km y0chiy0120 ea | |
| 101 | 0 | @achi |
| 200 | 1 | @a梁实秋散文选集@ALiang Shi Qiu San Wen Xuan Ji@f林呐等主编@FLin Na Deng Zhu Bian |
| 210 | @a天津@c百花文艺出版社@d2004.08 | |
| 215 | @a263页@d32开 | |
| 606 | 0 | @a散文@x作品综合集@x中国 |
| 606 | 0 | @a散文@x中国 |
| 690 | @aI266@v3 | |
| 701 | 0 | @a林呐@4主编 |
| 801 | @aCN@c20070409 | |
| 905 | @b115082-086@dI266@eL.013/1@f5 | |
| 梁实秋散文选集/林呐等主编.-天津:百花文艺出版社,2004.08 |
| 263页;32开 |
| ISBN 7-5306-0126-1:RMB 24.00 |
| ● |
| 相关链接 |
|
|
|
正题名:梁实秋散文选集
索取号:I266/L.013/1
 
预约/预借
| 序号 | 登录号 | 条形码 | 馆藏地/架位号 | 状态 | 备注 |
| 1 | 398680 | 203986801 | 文学库116/116文学库 1排4列5层/ [索取号:I266/L.013/1] | 在馆 | |
| 2 | 398681 | 203986810 | 社科二线400B/400B社科库 25排1列3层/ [索取号:I266/L.013/1] | 在馆 | |
| 3 | 398682 | 203986829 | 社科二线422/422社科库 51排6列3层/ [索取号:I266/L.013/1] | 在馆 | |
| 4 | 446619 | 204466194 | 社科二线422/422社科库 50排2列5层/ [索取号:I266/L.013/1] | 在馆 | |
| 5 | 449351 | 204493510 | 社科二线400B/400B社科库 25排1列3层/ [索取号:I266/L.013/1] | 在馆 | |
| 6 | 449352 | 204493529 | 社科二线422/422社科库 51排6列3层/ [索取号:I266/L.013/1] | 在馆 |